[Event "67th ch-RUS HL 2014"]
[Site "Vladivostok RUS"]
[Date "2014.06.12"]
[Round "8.14"]
[White "Shomoev, Anton"]
[Black "Looshnikov, Nikolai"]
[Result "1-0"]
[WhiteTitle "GM"]
[BlackTitle "IM"]
[WhiteElo "2574"]
[BlackElo "2480"]
[WhiteFideId "4135148"]
[BlackFideId "4150104"]
[EventDate "2014.06.04"]

1. e4 e6 2. d4 d5 3. Nc3 Nf6 4. e5 Nfd7 5. Qg4 c5 6. Nf3 cxd4 7. Nb5 Nc6 8. Bf4
a6 9. Nbxd4 Nxd4 10. Nxd4 Qc7 11. Qg3 Nc5 12. O-O-O b5 13. Kb1 Bb7 14. Bd3 O-O-O
15. Nb3 Kb8 16. Be3 Nxb3 17. cxb3 d4 18. Rc1 Qb6 19. Bd2 g6 20. Bg5 Rd7 21. Bf6
Rg8 22. Rc2 h5 23. Qg5 Bc5 24. Rhc1 Rc8 25. f3 b4 26. h4 a5 27. Qd2 Bd5 28. Qe2
a4 29. Bb5 axb3 30. Bxd7 bxc2+ 31. Qxc2 Rc7 32. Bd8 Bd6 33. exd6 Bxa2+ 34. Kxa2
Rxc2 35. Bxb6 Rxc1 36. Ba4 1-0

[Event "67th ch-RUS HL 2014"]
[Site "Vladivostok RUS"]
[Date "2014.06.12"]
[Round "8.15"]
[White "Zhurikhin, Alexander"]
[Black "Bukavshin, Ivan"]
[Result "0-1"]
[WhiteTitle "FM"]
[BlackTitle "GM"]
[WhiteElo "2333"]
[BlackElo "2607"]
[WhiteFideId "4139569"]
[BlackFideId "4199758"]
[EventDate "2014.06.04"]

1. e4 c5 2. Nf3 e6 3. g3 Nc6 4. Bg2 Nf6 5. Qe2 e5 6. O-O Be7 7. c3 O-O 8. d4
cxd4 9. cxd4 exd4 10. e5 Ne8 11. Rd1 Qb6 12. Nbd2 d5 13. Nb3 Bg4 14. h3 Bxf3 15.
Bxf3 Nc7 16. Bg2 a5 17. Bf4 Rfe8 18. Qd3 Ne6 19. Bxd5 Nb4 20. Qf3 Nxd5 21. Qxd5
Red8 22. Qf3 d3 23. Rxd3 a4 24. Rxd8+ Rxd8 25. Be3 Qb4 26. Nd2 Qxb2 27. Rb1 Qxa2
28. Rxb7 Kf8 29. Ra7 a3 30. Qb7 Re8 31. Nb3 Qc2 32. Bc1 Nc5 33. Qc7 Qd1+ 34. Kh2
Qxb3 35. Bxa3 Qc2 36. Kg1 Qd1+ 37. Kh2 Qd4 38. Kg1 h6 39. h4 Qd5 40. Kh2 Kg8 0-1

[Event "67th ch-RUS HL 2014"]
[Site "Vladivostok RUS"]
[Date "2014.06.12"]
[Round "8.16"]
[White "Riazantsev, Alexander"]
[Black "Gochelashvili, David"]
[Result "1-0"]
[WhiteTitle "GM"]
[BlackTitle "IM"]
[WhiteElo "2692"]
[BlackElo "2431"]
[WhiteFideId "4125029"]
[BlackFideId "4161203"]
[EventDate "2014.06.04"]

1. d4 g6 2. Nf3 Bg7 3. g3 c5 4. c3 Qa5 5. Nbd2 cxd4 6. Nb3 Qa4 7. cxd4 b6 8. e4
Nf6 9. Bd3 O-O 10. O-O Ba6 11. Bg5 Rc8 12. e5 Nd5 13. Be4 e6 14. Re1 Nc6 15. h4
Rc7 16. h5 Rac8 17. hxg6 fxg6 18. Kg2 Ncb4 19. Rh1 Rc2 20. Rxh7 Kxh7 21. Qh1+
Kg8 22. Bxg6 Bd3 23. Qh7+ Kf8 24. Bf6 1-0

[Event "67th ch-RUS HL 2014"]
[Site "Vladivostok RUS"]
[Date "2014.06.12"]
[Round "8.17"]
[White "Inarkiev, Ernesto"]
[Black "Usmanov, Vasily"]
[Result "1-0"]
[WhiteTitle "GM"]
[WhiteElo "2682"]
[BlackElo "2428"]
[WhiteFideId "4162722"]
[BlackFideId "4135741"]
[EventDate "2014.06.04"]

1. e4 c5 2. Nf3 d6 3. d4 cxd4 4. Nxd4 Nf6 5. Nc3 Nc6 6. Bg5 e6 7. Qd2 a6 8.
O-O-O Bd7 9. f3 Be7 10. Be3 Rc8 11. g4 h6 12. h4 b5 13. Bd3 Nxd4 14. Bxd4 b4 15.
Ne2 e5 16. Be3 Qa5 17. Kb1 Be6 18. Nc1 d5 19. Nb3 Qa4 20. exd5 Nxd5 21. Qe2 O-O
22. Bg5 Rfd8 23. Qe4 Kf8 24. Bxe7+ Nxe7 25. g5 Bf5 26. Qxe5 Rd5 27. Qe2 h5 28.
Bxf5 Rxd1+ 29. Rxd1 Nxf5 30. Nd4 Re8 31. Qc4 Ne3 32. Qc5+ Kg8 33. Rg1 a5 34. g6
fxg6 35. Qd6 b3 36. axb3 Qb4 37. Qxg6 Qe7 38. Qxh5 Rd8 1-0

[Event "67th ch-RUS HL 2014"]
[Site "Vladivostok RUS"]
[Date "2014.06.12"]
[Round "8.18"]
[White "Nechaev, Oleg"]
[Black "Evdokimov, Alexander A."]
[Result "0-1"]
[BlackTitle "GM"]
[WhiteElo "2331"]
[BlackElo "2548"]
[WhiteFideId "24113409"]
[BlackFideId "4139275"]
[EventDate "2014.06.04"]

1. c4 g6 2. g3 Bg7 3. Bg2 c5 4. Nc3 Nc6 5. e4 Nf6 6. Nge2 O-O 7. d3 Ne8 8. Be3
Nd4 9. O-O d6 10. Qd2 Nc7 11. Bh6 e5 12. Bxg7 Kxg7 13. Nxd4 cxd4 14. Nd5 Nxd5
15. exd5 a5 16. f4 f6 17. Rae1 b6 18. Rf2 Bf5 19. Be4 Bxe4 20. Rxe4 Qd7 21. Re1
Rae8 22. b4 a4 23. b5 Rf7 24. f5 gxf5 25. Ref1 f4 26. gxf4 e4 27. dxe4 Rxe4 28.
Rg2+ Kh8 29. Kh1 Rg7 30. Rfg1 Rxg2 31. Qxg2 Re8 32. Qg3 Qe7 33. h3 Qf7 34. Kh2
Re3 35. Qg4 Qg6 36. Qxg6 hxg6 37. Rd1 Re2+ 38. Kg3 Rxa2 39. Rxd4 Rc2 40. Re4 a3
41. Re8+ Kg7 42. Ra8 0-1

[Event "67th ch-RUS HL 2014"]
[Site "Vladivostok RUS"]
[Date "2014.06.12"]
[Round "8.19"]
[White "Iskusnyh, Sergei"]
[Black "Moiseenko, Vadim"]
[Result "1-0"]
[WhiteTitle "GM"]
[BlackTitle "IM"]
[WhiteElo "2478"]
[BlackElo "2474"]
[WhiteFideId "4120027"]
[BlackFideId "4123700"]
[EventDate "2014.06.04"]

1. d4 Nf6 2. c4 e6 3. Nf3 c5 4. d5 b5 5. e4 Nxe4 6. Bd3 Nd6 7. cxb5 a6 8. b6
exd5 9. Nc3 Bb7 10. O-O Be7 11. Bf4 O-O 12. Nxd5 Bxd5 13. Bxh7+ Kxh7 14. Qxd5
Qxb6 15. Rae1 Nc6 16. Bxd6 Bf6 17. Bxc5 Qb5 18. Qe4+ g6 19. Bxf8 Rxf8 20. Rd1
Rd8 21. Qd5 Qxd5 22. Rxd5 Nb4 23. Rd6 Be7 24. Rb6 Bc5 25. Rb7 Nd3 26. Rd1 Bxf2+
27. Kf1 Nc5 28. Rc7 Be3 29. b4 1-0

[Event "67th ch-RUS HL 2014"]
[Site "Vladivostok RUS"]
[Date "2014.06.12"]
[Round "8.20"]
[White "Nevostrujev, Vladimir"]
[Black "Rychkov, Oleg"]
[Result "1-0"]
[WhiteTitle "GM"]
[BlackTitle "FM"]
[WhiteElo "2421"]
[BlackElo "2333"]
[WhiteFideId "4114345"]
[BlackFideId "4122852"]
[EventDate "2014.06.04"]

1. e4 e5 2. Nf3 Nc6 3. Bb5 a6 4. Ba4 d6 5. O-O Bg4 6. h3 h5 7. Bxc6+ bxc6 8. d4
Bxf3 9. Qxf3 exd4 10. c3 Qf6 11. Qd1 Ne7 12. cxd4 g5 13. e5 dxe5 14. dxe5 Qf5
15. Re1 Rg8 16. Qxh5 O-O-O 17. Qe2 Rd3 18. Nc3 Ng6 19. Ne4 Nxe5 20. Ng3 Rxg3 21.
fxg3 Nd3 22. Rf1 Bc5+ 23. Kh2 Qg6 24. Bxg5 Bd6 25. Rad1 Bxg3+ 26. Kg1 Qxg5 27.
Rxd3 Bd6 28. Rxf7 Qg6 29. Qg4+ Qxg4 30. hxg4 Rxg4 31. Kf1 Rc4 32. Rc3 Rb4 33. b3
Kb7 34. Rc4 Rb5 35. g4 Rd5 36. Rf5 Rd1+ 37. Ke2 Rh1 38. g5 Rg1 39. Kf2 Rg3 40.
Rb4+ Kc8 41. Rd4 Rc3 42. Rxd6 Rc2+ 43. Kf3 cxd6 44. g6 Rc1 45. Rf8+ Kd7 46. g7
Rf1+ 47. Ke4 1-0

[Event "67th ch-RUS HL 2014"]
[Site "Vladivostok RUS"]
[Date "2014.06.12"]
[Round "8.21"]
[White "Korniushin, Nikolay"]
[Black "Yuffa, Daniil"]
[Result "0-1"]
[WhiteTitle "IM"]
[BlackTitle "IM"]
[WhiteElo "2357"]
[BlackElo "2444"]
[WhiteFideId "4123808"]
[BlackFideId "24131423"]
[EventDate "2014.06.04"]

1. Nf3 Nf6 2. g3 g6 3. Bg2 Bg7 4. O-O O-O 5. c4 d6 6. Nc3 Nc6 7. d4 Bf5 8. d5
Na5 9. Nd2 c5 10. e4 Bd7 11. Qc2 a6 12. b3 b5 13. Bb2 Rb8 14. Rab1 e5 15. Ne2 h5
16. Nc1 h4 17. gxh4 Nh5 18. Nd3 Qxh4 19. f4 bxc4 20. bxc4 Rxb2 21. Rxb2 exf4 22.
Nf3 Qe7 23. Rb6 Qxe4 24. Rxd6 Bf5 25. Qa4 Nxc4 26. Nf2 Qe7 27. Rxa6 Ne3 28. d6
Qb7 29. Qc6 Qxc6 30. Rxc6 Nxf1 31. Bxf1 Be6 32. Rxc5 Rd8 33. a4 Rxd6 34. a5 Bd5
35. Rc8+ Kh7 36. Ng5+ Kh6 37. Nge4 Bxe4 38. Nxe4 Rd1 39. Rc2 Bd4+ 40. Nf2 Nf6 0-1

[Event "67th ch-RUS HL 2014"]
[Site "Vladivostok RUS"]
[Date "2014.06.12"]
[Round "8.22"]
[White "Kravtsov, Sergey"]
[Black "Diu, Viacheslav"]
[Result "0-1"]
[WhiteTitle "IM"]
[BlackTitle "IM"]
[WhiteElo "2311"]
[BlackElo "2468"]
[WhiteFideId "4123816"]
[BlackFideId "4167465"]
[EventDate "2014.06.04"]

1. Nf3 d5 2. c4 e6 3. g3 dxc4 4. Bg2 a6 5. a4 Nc6 6. b3 cxb3 7. Qxb3 Nf6 8. O-O
Bd6 9. Bb2 e5 10. Na3 O-O 11. Qc2 Qe7 12. Nc4 Bd7 13. e3 Rfe8 14. Nh4 Qe6 15.
Nxd6 cxd6 16. f4 Rac8 17. fxe5 dxe5 18. Qd1 Ne7 19. Nf3 Ng6 20. d4 exd4 21. Bxd4
Bc6 22. Qb1 Ne4 23. Qb2 f6 24. a5 Kh8 25. Bb6 Nd6 26. Bd4 Nc4 27. Qf2 Nge5 28.
Nxe5 Nxe5 29. Bxc6 Rxc6 30. Qf5 Nc4 31. Qd3 Qe4 32. Qxe4 Rxe4 33. Kf2 Kg8 34.
Rfb1 Re7 35. g4 Kf7 36. h4 Ke6 37. Ra2 Rd7 38. Kf3 g6 39. h5 g5 40. Ke4 Nd6+ 41.
Kf3 f5 42. Rab2 h6 43. Rb4 Rdc7 44. Bb6 fxg4+ 45. Kxg4 Rc4+ 46. Bd4 Nb5 47. Rxb5
axb5 48. Rxb5 R4c6 49. Re5+ Kf7 50. Rd5 Rc1 51. Rd6 R1c6 52. Rd5 Rc1 53. Rd6
Rg1+ 54. Kf5 Rf1+ 55. Ke4 Re7+ 56. Kd3 Re6 57. Rd7+ Re7 58. Rd6 g4 59. Rxh6 Rf5
60. a6 bxa6 61. Rxa6 Rxh5 62. Rf6+ Ke8 63. Rg6 Rh4 64. Bf6 Re6 65. Rg8+ Kf7 66.
Bxh4 Kxg8 67. e4 Rh6 68. Bg5 Rh3+ 69. Ke2 Kf7 70. Bf4 Kg6 71. Bd6 Rf3 72. Bc7
Kg5 73. Bd6 Kh4 74. e5 Kh3 75. e6 Rf6 76. e7 Re6+ 77. Kf2 Re4 78. Bc5 g3+ 79.
Kf3 Re6 80. Bd6 g2 81. Kf2 Rf6+ 0-1

[Event "67th ch-RUS HL 2014"]
[Site "Vladivostok RUS"]
[Date "2014.06.12"]
[Round "8.23"]
[White "Gritsenko, Andrey"]
[Black "Nazaretyan, Tigran"]
[Result "1-0"]
[WhiteTitle "IM"]
[WhiteElo "2418"]
[BlackElo "2195"]
[WhiteFideId "4197933"]
[BlackFideId "24162345"]
[EventDate "2014.06.04"]

1. d4 Nf6 2. c4 e6 3. g3 d5 4. Nf3 Bb4+ 5. Bd2 Bd6 6. Bg2 O-O 7. O-O c6 8. Qc2
Nbd7 9. Bg5 Re8 10. Nbd2 h6 11. Bxf6 Nxf6 12. c5 Bc7 13. e4 e5 14. dxe5 Nxe4 15.
Nxe4 Bf5 16. Nd4 Bxe4 17. Bxe4 dxe4 18. Rad1 Bxe5 19. Nxc6 Qc7 20. Nd4 Rad8 21.
Nf5 Bf6 22. Nd6 Re6 23. Nxe4 Bxb2 24. Rxd8+ Qxd8 25. Qxb2 Rxe4 26. Qxb7 Rc4 27.
Qxa7 Qd5 28. Qb8+ Kh7 29. Qb1+ g6 30. Rc1 Qxc5 31. Rxc4 Qxc4 32. Qb3 Qc1+ 33.
Kg2 Kg7 34. h4 g5 35. hxg5 hxg5 36. Qd5 f6 37. a4 Qc8 38. a5 Qa6 39. Qc5 Qa8+
40. Kh2 Qe4 41. Qc7+ Kg6 42. Qb6 Kf5 43. a6 Kg4 44. Qxf6 Qh7+ 45. Kg2 Qh3+ 46.
Kg1 Qh7 47. Qe6+ Kf3 48. Qb3+ Kg4 49. Qd1+ Kh3 50. a7 Qh8 51. a8=Q 1-0

[Event "67th ch-RUS HL 2014"]
[Site "Vladivostok RUS"]
[Date "2014.06.12"]
[Round "8.24"]
[White "Egorov, Dmitry"]
[Black "Muratov, Sergey"]
[Result "1/2-1/2"]
[WhiteTitle "FM"]
[BlackTitle "FM"]
[WhiteElo "2343"]
[BlackElo "2219"]
[WhiteFideId "4128303"]
[BlackFideId "4131355"]
[EventDate "2014.06.04"]

1. e4 c5 2. Nf3 Nc6 3. c3 d5 4. exd5 Qxd5 5. d4 e6 6. Be2 Nf6 7. O-O Be7 8. c4
Qd8 9. dxc5 Qxd1 10. Rxd1 Bxc5 11. Nc3 O-O 12. a3 e5 13. Bg5 Be6 14. Rac1 Bd4
15. Nb5 Rfd8 16. Nfxd4 Nxd4 17. Nxd4 exd4 18. c5 Rac8 19. b4 h6 20. Bxf6 gxf6
21. Rd2 Kf8 22. h3 Ke7 23. Rcd1 Bb3 24. Re1 Be6 25. Bc4 b6 26. Ba6 Rc7 27. Rc1
bxc5 28. bxc5 Rd5 29. c6 Kd6 30. Bb7 d3 31. g4 f5 32. Rc3 fxg4 33. hxg4 Bxg4 34.
Rdxd3 Rxd3 35. Rxd3+ Kc5 36. Rd8 Bf3 37. Rd7 Kb6 38. Rd4 Bxc6 39. Bxc6 Rxc6 40.
Rf4 f6 41. Rf5 Kc7 42. Kg2 Ra6 43. a4 Kd7 44. a5 Ke6 45. Rh5 Rd6 46. Rxh6 Rd5
47. a6 Ra5 48. Rh7 Rxa6 49. Kg3 Kf5 50. Rh5+ Kg6 51. Rc5 Ra1 52. f3 a5 53. Rb5
a4 54. Ra5 a3 55. Kf4 Ra2 56. Ke4 1/2-1/2

[Event "67th ch-RUS HL 2014"]
[Site "Vladivostok RUS"]
[Date "2014.06.13"]
[Round "9.1"]
[White "Grachev, Boris"]
[Black "Jakovenko, Dmitry"]
[Result "1/2-1/2"]
[WhiteTitle "GM"]
[BlackTitle "GM"]
[WhiteElo "2661"]
[BlackElo "2736"]
[WhiteFideId "4129199"]
[BlackFideId "4122356"]
[EventDate "2014.06.04"]

1. d4 d5 2. c4 c6 3. e3 Bf5 4. Nc3 e6 5. Nf3 Nd7 6. Bd3 Bg6 7. e4 dxe4 8. Nxe4
Ngf6 9. Nc3 Bd6 10. O-O O-O 11. Bxg6 hxg6 12. Re1 Qc7 13. h3 Rfe8 14. Be3 Rad8
15. Qc2 e5 16. Rad1 exd4 17. Bxd4 Bc5 18. Rxe8+ Rxe8 19. Qd2 a6 20. a3 a5 21.
Bxc5 Nxc5 22. b4 axb4 23. axb4 Ne6 24. Qe3 Qf4 25. Qxf4 Nxf4 26. b5 cxb5 27.
Nxb5 Ne4 28. Rd7 Nc5 29. Rd2 f6 30. h4 Nfe6 31. g3 Rd8 32. Rxd8+ Nxd8 33. Kf1
Kf7 34. Ke2 Nc6 35. Ke3 Ke6 36. Nfd4+ Nxd4 37. Nxd4+ Ke7 38. g4 Ne6 39. Nb5 f5
40. f3 fxg4 41. fxg4 Nc5 42. Kd4 Ne6+ 43. Ke5 Nc5 44. Nc3 Nd3+ 45. Kd4 Ne1 46.
Nd5+ Kd7 47. Ke4 Ng2 48. h5 gxh5 49. gxh5 Ke6 50. c5 Ne1 51. Nb4 Kf6 52. Nd5+
Kg5 53. Nf4 Nc2 54. Ne6+ Kxh5 55. Nxg7+ Kg6 56. Ne6 Nb4 57. Nd8 Na6 58. Nxb7
Nxc5+ 59. Nxc5 1/2-1/2

[Event "67th ch-RUS HL 2014"]
[Site "Vladivostok RUS"]
[Date "2014.06.13"]
[Round "9.2"]
[White "Lysyj, Igor"]
[Black "Khismatullin, Denis"]
[Result "1/2-1/2"]
[WhiteTitle "GM"]
[BlackTitle "GM"]
[WhiteElo "2670"]
[BlackElo "2671"]
[WhiteFideId "4150120"]
[BlackFideId "4142578"]
[EventDate "2014.06.04"]

1. d4 Nf6 2. c4 e6 3. Nf3 b6 4. g3 Bb7 5. Bg2 Be7 6. O-O O-O 7. d5 exd5 8. Nh4
c6 9. cxd5 Nxd5 10. Nf5 Nc7 11. e4 d5 12. Nc3 Bf6 13. exd5 Nxd5 14. Nxd5 cxd5
15. Ne3 Nc6 16. Nxd5 Be5 17. Re1 Re8 18. Qg4 Nd4 19. Bg5 f5 20. Bxd8 fxg4 21.
Ne7+ Kf7 22. Bxb7 Raxd8 23. Rxe5 Rxe7 24. Rxe7+ Kxe7 25. Re1+ Kf6 26. Kg2 Ne6
27. Re2 Rd1 28. f3 Nd4 29. Rf2 gxf3+ 30. Bxf3 Nxf3 31. Kxf3 Ke5 32. Re2+ Kf6 33.
b3 h5 34. h4 Rf1+ 35. Kg2 Ra1 36. Kf3 Rf1+ 37. Kg2 Ra1 38. Kf3 Rf1+ 39. Ke4 1/2-1/2

[Event "67th ch-RUS HL 2014"]
[Site "Vladivostok RUS"]
[Date "2014.06.13"]
[Round "9.3"]
[White "Fedoseev, Vladimir3"]
[Black "Zvjaginsev, Vadim"]
[Result "0-1"]
[WhiteTitle "GM"]
[BlackTitle "GM"]
[WhiteElo "2662"]
[BlackElo "2642"]
[WhiteFideId "24130737"]
[BlackFideId "4113403"]
[EventDate "2014.06.04"]

1. d4 d5 2. Bf4 Nf6 3. e3 g6 4. c4 c5 5. dxc5 Nc6 6. Nf3 Be6 7. Nc3 Qa5 8. Qb3
Bg7 9. Qxb7 O-O 10. Qxc6 Ne4 11. Nd4 Nxc3 12. a3 Rac8 13. Qb7 Na2+ 14. Kd1 Qa4+
15. Ke1 Qa5+ 16. Ke2 Qxc5 17. Nxe6 fxe6 18. Qb3 dxc4 19. Qxa2 e5 20. Bg3 e4 21.
Kd1 Rfd8+ 22. Kc2 Kf8 23. Rd1 Rxd1 24. Kxd1 c3 25. b3 Rd8+ 26. Kc1 Rd2 27. b4
Qh5 28. Qb3 Rb2 29. Bc4 Rxb3 30. Bxb3 Qe2 31. Bc2 Qa6 32. a4 Qc4 33. Rd1 Ke8 34.
Re1 Qa2 0-1

[Event "67th ch-RUS HL 2014"]
[Site "Vladivostok RUS"]
[Date "2014.06.13"]
[Round "9.5"]
[White "Tomashevsky, Evgeny"]
[Black "Matlakov, Maxim"]
[Result "1-0"]
[WhiteTitle "GM"]
[BlackTitle "GM"]
[WhiteElo "2695"]
[BlackElo "2689"]
[WhiteFideId "4147235"]
[BlackFideId "4168003"]
[EventDate "2014.06.04"]

1. d4 d5 2. c4 c6 3. Nf3 Nf6 4. Nc3 e6 5. Bg5 h6 6. Bh4 dxc4 7. e4 g5 8. Bg3 b5
9. Be2 Bb7 10. Qc2 Nbd7 11. Nd2 h5 12. h4 g4 13. Rd1 Be7 14. Nf1 Nf8 15. Ne3 Ng6
16. O-O O-O 17. f3 Nh7 18. fxg4 Bxh4 19. Bxh4 Qxh4 20. gxh5 Nf4 21. Bg4 Nd3 22.
b3 Rad8 23. bxc4 bxc4 24. Nxc4 Rxd4 25. Rxd3 Rxc4 26. Be2 Rc5 27. Qb3 Bc8 28.
Qa3 Rg5 29. Qxa7 c5 30. Rf2 Kh8 31. Qc7 Ba6 32. Rd8 Rxg2+ 33. Rxg2 Rxd8 34. Rg4
Qe1+ 35. Kg2 Qd2 36. Qe5+ f6 37. Qc7 Rd7 38. Qb8+ Rd8 39. Qc7 Rg8 40. Rxg8+ Kxg8
41. h6 Qg5+ 42. Qg3 Bxe2 43. Nxe2 Kf7 44. Qxg5 fxg5 45. a4 Nf6 46. a5 Nd7 47. a6
Nb6 48. a7 Kg6 49. Kf3 Kxh6 50. Kg4 Kg6 51. e5 c4 52. Nc3 Na8 53. Nb5 Kh6 54.
Nc3 Kg6 55. Ne4 Kh6 56. Kf3 Kh5 57. Ke3 Kg4 58. Kd4 Kf4 59. Nxg5 c3 60. Nh3+ Kf5
61. Ng1 Nc7 62. Kc5 Kxe5 63. Ne2 c2 64. Kc6 Na8 65. Nc1 1-0

[Event "67th ch-RUS HL 2014"]
[Site "Vladivostok RUS"]
[Date "2014.06.13"]
[Round "9.6"]
[White "Alekseev, Evgeny"]
[Black "Shimanov, Aleksandr"]
[Result "1-0"]
[WhiteTitle "GM"]
[BlackTitle "GM"]
[WhiteElo "2673"]
[BlackElo "2643"]
[WhiteFideId "4138147"]
[BlackFideId "4198603"]
[EventDate "2014.06.04"]

1. e4 e6 2. d4 d5 3. Nc3 Nf6 4. e5 Nfd7 5. f4 c5 6. Nf3 Nc6 7. Be3 cxd4 8. Nxd4
Bc5 9. Qd2 O-O 10. O-O-O a6 11. Nb3 Bb4 12. Bd3 b5 13. Rhf1 Nb6 14. Qe1 Na4 15.
Bd2 Qe7 16. Kb1 Bxc3 17. Bxc3 Bd7 18. Bd2 f6 19. Na5 Nxa5 20. Bxa5 f5 21. Bc7
Rfc8 22. Bd6 Qf7 23. g4 Nc5 24. Bxc5 Rxc5 25. Rg1 a5 26. Rd2 b4 27. Rdg2 g6 28.
h4 Bb5 29. Bxb5 Rxb5 30. h5 Kh8 31. hxg6 Qxg6 32. gxf5 Qxf5 33. Qg3 Qf7 34. f5
Rb7 35. f6 Rbb8 36. Qh3 1-0

[Event "67th ch-RUS HL 2014"]
[Site "Vladivostok RUS"]
[Date "2014.06.13"]
[Round "9.7"]
[White "Kobalia, Mikhail"]
[Black "Najer, Evgeniy"]
[Result "1-0"]
[WhiteTitle "GM"]
[BlackTitle "GM"]
[WhiteElo "2627"]
[BlackElo "2653"]
[WhiteFideId "4119150"]
[BlackFideId "4118987"]
[EventDate "2014.06.04"]

1. e4 e5 2. Nf3 Nc6 3. Bb5 a6 4. Ba4 Nf6 5. O-O Be7 6. Re1 b5 7. Bb3 O-O 8. a4
b4 9. d4 d6 10. dxe5 dxe5 11. Nbd2 Bc5 12. a5 Qe7 13. Qe2 Rd8 14. c3 h6 15. Bc4
Ba7 16. h3 bxc3 17. bxc3 Nh5 18. Bd5 Qf6 19. Nc4 Bd7 20. Be3 Nf4 21. Bxf4 Qxf4
22. Ne3 Bxe3 23. Qxe3 Rab8 24. Bc4 Qxe3 25. Rxe3 Bc8 26. Bd5 Rd6 27. Bxc6 Rxc6
28. Nxe5 Rc5 29. Nf3 Kf8 30. Rd1 Ke7 31. Rd5 Rxd5 32. exd5+ Kd6 33. c4 Rb1+ 34.
Kh2 Rc1 35. Nd2 Bf5 36. Ne4+ Bxe4 37. Rxe4 Ra1 38. Rf4 f6 39. Rg4 Rxa5 40. Rxg7
Rc5 41. Rg6 Ke5 42. Rxh6 Rxc4 43. g4 a5 44. Rh5+ Kd6 45. Rf5 a4 46. Rxf6+ Kxd5
47. Ra6 c5 48. g5 Rb4 49. Ra5 Kd4 50. g6 Rb6 51. Rxa4+ c4 52. g7 Rg6 53. Ra7 Ke5
54. Rc7 Kf6 55. Rxc4 Rxg7 56. Rf4+ Ke5 57. Rf8 Ke6 58. h4 Rg4 59. Kh3 Rg1 60. h5
Rh1+ 61. Kg4 Rg1+ 62. Kh4 Rh1+ 63. Kg5 Rg1+ 64. Kh6 Rg2 65. Kh7 Ke7 66. Rf3 Rg5
67. h6 Rg2 68. Kh8 Rg6 69. h7 Rg2 70. Rg3 Rxf2 71. Kg7 Rf7+ 72. Kh6 1-0

[Event "67th ch-RUS HL 2014"]
[Site "Vladivostok RUS"]
[Date "2014.06.13"]
[Round "9.8"]
[White "Khairullin, Ildar"]
[Black "Sjugirov, Sanan"]
[Result "1/2-1/2"]
[WhiteTitle "GM"]
[BlackTitle "GM"]
[WhiteElo "2648"]
[BlackElo "2645"]
[WhiteFideId "4151348"]
[BlackFideId "4189302"]
[EventDate "2014.06.04"]

1. d4 d5 2. c4 c6 3. Nf3 Nf6 4. e3 Bf5 5. Nc3 e6 6. Nh4 Bg6 7. Nxg6 hxg6 8. Bd3
Nbd7 9. O-O Bd6 10. h3 Bc7 11. Re1 O-O 12. b3 a6 13. Bb2 Re8 14. Qc2 Rc8 15.
Rad1 e5 16. dxe5 Bxe5 17. Bf1 dxc4 18. Bxc4 Qe7 19. Bf1 Rcd8 20. g3 Nb6 21. Bg2
Qc5 22. Rc1 Qe7 23. Rcd1 Qc5 24. Rc1 Qe7 25. Rcd1 1/2-1/2

[Event "67th ch-RUS HL 2014"]
[Site "Vladivostok RUS"]
[Date "2014.06.13"]
[Round "9.10"]
[White "Gabrielian, Artur"]
[Black "Riazantsev, Alexander"]
[Result "0-1"]
[WhiteTitle "GM"]
[BlackTitle "GM"]
[WhiteElo "2544"]
[BlackElo "2692"]
[WhiteFideId "4131002"]
[BlackFideId "4125029"]
[EventDate "2014.06.04"]

1. e4 c6 2. d3 d5 3. Nd2 e5 4. Ngf3 Bd6 5. g3 Nf6 6. Bg2 O-O 7. O-O Re8 8. b3 a5
9. a3 Nbd7 10. Bb2 dxe4 11. dxe4 Qc7 12. Nh4 b5 13. Nf5 Bf8 14. c4 Bb7 15. Qc2
b4 16. axb4 axb4 17. Rxa8 Rxa8 18. Nf3 g6 19. Ne3 Re8 20. h3 Nc5 21. Ng4 Nxg4
22. hxg4 Bg7 23. Qd2 Nxb3 24. Qxb4 Nd4 25. Nxd4 exd4 26. Qc5 Rd8 27. Rd1 Bc8 28.
e5 Bxe5 29. Re1 Bg7 30. Bd5 Be6 31. Bxe6 fxe6 32. Rxe6 d3 33. Rxc6 Qb7 34. Bc1
Qb1 35. Rc8 Qxc1+ 36. Kg2 Rxc8 37. Qxc8+ Bf8 38. Qe6+ Kg7 39. Qd7+ Kg8 40. Qe6+
Kg7 41. Qd7+ Kf6 42. Qd4+ Kf7 43. Qd5+ Ke8 44. Qc6+ Kd8 45. Qd5+ Kc7 46. Qf7+
Kb6 47. Qxf8 Qxc4 48. Qd6+ Kb5 49. Kf3 Qc2 50. Qb8+ Kc4 51. Qc7+ Kb3 52. Qb6+
Kc3 53. Qa5+ Kb2 54. Ke3 Qc3 55. Qa4 Kc1 56. f4 g5 57. Kf3 h5 58. gxh5 g4+ 59.
Kxg4 d2 60. Qb5 d1=Q+ 0-1

[Event "67th ch-RUS HL 2014"]
[Site "Vladivostok RUS"]
[Date "2014.06.13"]
[Round "9.11"]
[White "Belous, Vladimir"]
[Black "Inarkiev, Ernesto"]
[Result "1/2-1/2"]
[WhiteTitle "GM"]
[BlackTitle "GM"]
[WhiteElo "2586"]
[BlackElo "2682"]
[WhiteFideId "4174003"]
[BlackFideId "4162722"]
[EventDate "2014.06.04"]

1. d4 Nf6 2. c4 g6 3. Nc3 d5 4. Nf3 Bg7 5. Qb3 dxc4 6. Qxc4 O-O 7. e4 Nc6 8. Bf4
Bg4 9. d5 Nh5 10. dxc6 b5 11. Qxb5 Rb8 12. Qg5 Bxf3 13. gxf3 h6 14. Qg4 Rxb2 15.
Nd1 Qb8 16. Bd3 Rb4 17. Rc1 f5 18. exf5 Rxf4 19. Qxg6 Qb4+ 20. Kf1 Qd2 21. Qe6+
Kh8 22. Qe3 Qxa2 23. Nc3 Qb2 24. Rc2 Qb3 25. Ne4 R4xf5 26. Nd2 Qd5 27. Bxf5 Qxf5
28. Rc4 Nf4 29. h4 e5 30. Rg1 Rd8 31. Rg4 Rd3 32. Qe1 Rxf3 33. Nxf3 Qxg4 34. Qe4
Qg2+ 35. Ke1 Qh1+ 36. Kd2 Qf1 37. Nxe5 Qxf2+ 38. Kd1 Ng2 39. Ng6+ Kg8 40. Ne7+
Kh8 41. Nd5 Qf1+ 42. Kd2 Nxh4 43. Rb4 Qf2+ 44. Kd3 Qf1+ 45. Qe2 Qf5+ 46. Kc4 Ng6
47. Rb8+ Kh7 48. Re8 Ne5+ 49. Kb5 a6+ 50. Kxa6 Nxc6 51. Qe4 Qxe4 52. Rxe4 Ne5
53. Nxc7 1/2-1/2

[Event "67th ch-RUS HL 2014"]
[Site "Vladivostok RUS"]
[Date "2014.06.13"]
[Round "9.12"]
[White "Evdokimov, Alexander A."]
[Black "Potkin, Vladimir"]
[Result "0-1"]
[WhiteTitle "GM"]
[BlackTitle "GM"]
[WhiteElo "2548"]
[BlackElo "2621"]
[WhiteFideId "4139275"]
[BlackFideId "4131061"]
[EventDate "2014.06.04"]

1. Nf3 Nf6 2. c4 c5 3. d4 cxd4 4. Nxd4 Nc6 5. g3 e5 6. Nb5 Bb4+ 7. N1c3 d6 8. a3
Bxc3+ 9. bxc3 O-O 10. Nxd6 Qa5 11. Qc2 Rd8 12. Nxc8 Raxc8 13. Bh3 Nd4 14. Qb2
Rxc4 15. O-O Qxc3 16. Ra2 Qxb2 17. Rxb2 b6 18. Kg2 Kf8 19. Bg5 h6 20. Bxf6 gxf6
21. Rd1 Ke7 22. Rbd2 Rd6 23. Rd3 e4 24. R3d2 Nb5 25. Rd5 Ra4 26. Rxd6 Nxd6 27.
Rd5 Rxa3 28. Rh5 b5 29. Rxh6 b4 30. Rh8 Ra6 31. Rb8 Rb6 32. Ra8 Rb7 33. Bc8 Nxc8
34. Rxc8 b3 0-1